000 00243nam a22000977a 4500
008 160519b xxu||||| |||| 00| 0 eng d
041 _aeng
080 _a547
245 _aDer organischen chemie;
_cBernhard Prager; Paul Jacobson;
942 _2udc
_cBK
999 _c2257
_d2257